000 00374nam a2200133Ia 4500
005 20260328104343.0
008 260328s9999||||xx |||||||||||||| ||und||
100 _aMcCandless, David
245 0 _aBeautiful News :
_b Positive Trends, Uplifting Stats, Creative Solutions /
_cDavid McCandless
260 _bHarper
300 _a224 p.
650 _aCOMUNICACIÓN
942 _cBK
999 _c12182
_d12182